000 00585nam a2200169 a 4500
008 120416s1994 ||||||||||||||||| || u
020 _a8487406068
050 _aJC 336 Vio
100 _aRamirez, J. Martin
245 1 0 _aViolence : some alternatives
_cedited by J. Martin Ramirez
260 _aMadrid
_bCentreur
_c1994
300 _a184p. : ill.
350 _a0.00
650 _aPOLITICS
650 _aVIOLENCE--CASE STUDIES
995 _D0.00
_FCBU-MAIN LIBRARY (Kitwe)
_H1
_I0.00
_M1
_UAVAILABLE
_ZMain Library Open Access Collection
999 _c61321
_d61321